[Event "Stay Safe Play From Home 379"]
[Site "Emanuel Lasker Arena"]
[Date "2020.08.13"]
[Round "9"]
[White "Haris kollari 13"]
[Black "Hickey"]
[Result "0-1"]
[WhiteElo "1683"]
[BlackElo "2114"]
[Annotator "NA"]
[PlyCount "86"]
[EventDate "2020.08.13"]
[EventType "swiss (blitz)"]

1. e4 {[%emt 0:00:01]} c6 {[%emt 0:00:01]} 2. f4 {[%emt 0:00:01]} d5 {[%emt 0:00:00]} 3. e5 {[%emt 0:00:00]} Bf5 {[%emt 0:00:01]} 4. d4 {[%emt 0:00:00]} e6 {[%emt 0:00:02]} 5. c3 {[%emt 0:00:01]} c5 {[%emt 0:00:02]} 6. Nf3 {[%emt 0:00:00]} Ne7 {[%emt 0:00:01]} 7. Be3 {[%emt 0:00:01]} Nec6 {[%emt 0:00:00]} 8. Nbd2 {[%emt 0:00:02]} Nd7 {[%emt 0:00:01]} 9. Nb3 {[%emt 0:00:01]} c4 {[%emt 0:00:03]} 10. Nbd2 {[%emt 0:00:02]} b5 {[%emt 0:00:00]} 11. Be2 {[%emt 0:00:01]} b4 {[%emt 0:00:01]} 12. O-O {[%emt 0:00:02]} a5 {[%emt 0:00:00]} 13. Rf2 {[%emt 0:00:03]} Be7 {[%emt 0:00:01]} 14. Nf1 {[%emt 0:00:02]} Qb6 {[%emt 0:00:01]} 15. h3 {[%emt 0:00:01]} h5 {[%emt 0:00:01]} 16. N3h2 {[%emt 0:00:02]} h4 {[%emt 0:00:01]} 17. Bg4 {[%emt 0:00:03]} g6 {[%emt 0:00:01]} 18. Bxf5 {[%emt 0:00:01]} gxf5 {[%emt 0:00:00]} 19. Nf3 {[%emt 0:00:01]} Nf8 {[%emt 0:00:02]} 20. Rd2 {[%emt 0:00:01]} Ng6 {[%emt 0:00:01]} 21. Qe1 {[%emt 0:00:04]} O-O-O {[%emt 0:00:05]} 22. Rdd1 {[%emt 0:00:01]} Kb7 {[%emt 0:00:02]} 23. a3 {[%emt 0:00:01]} b3 {[%emt 0:00:03]} 24. Ng5 {[%emt 0:00:03]} Bxg5 {[%emt 0:00:01]} 25. fxg5 {[%emt 0:00:01]} f4 {[%emt 0:00:01]} 26. Bd2 {[%emt 0:00:04]} Nce7 {[%emt 0:00:01]} 27. Qf2 {[%emt 0:00:01]} Nf5 {[%emt 0:00:04]} 28. Bxf4 {[%emt 0:00:01]} Nxf4 {[%emt 0:00:02]} 29. Qxf4 {[%emt 0:00:01]} Rdg8 {[%emt 0:00:00]} 30. Kh2 {[%emt 0:00:02]} Qd8 {[%emt 0:00:02]} 31. Ne3 {[%emt 0:00:01]} Rxg5 {[%emt 0:00:01]} 32. Nxf5 {[%emt 0:00:01]} Rxf5 {[%emt 0:00:00]} 33. Qe3 {[%emt 0:00:01]} Rg8 {[%emt 0:00:03]} 34. Rf1 {[%emt 0:00:01]} Rg3 {[%emt 0:00:01]} 35. Qe2 {[%emt 0:00:02]} Rfg5 {[%emt 0:00:04]} 36. Rf2 {[%emt 0:00:01]} Qg8 {[%emt 0:00:01]} 37. Rg1 {[%emt 0:00:01]} Qg6 {[%emt 0:00:01]} 38. Qe1 {[%emt 0:00:03]} Kc6 {[%emt 0:00:01]} 39. Kh1 {[%emt 0:00:01]} Rf5 {[%emt 0:00:01]} 40. Rxf5 {[%emt 0:00:02]} Qxf5 {[%emt 0:00:00]} 41. Qf1 {[%emt 0:00:00]} Qxf1 {[%emt 0:00:01]} 42. Rxf1 {[%emt 0:00:01]} Rd3 {[%emt 0:00:01]} 43. Rxf7 {[%emt 0:00:01]} Rd2 {[%emt 0:00:00] Time Time Time (Lag: Av=0.65s, max=1.3s) (Lag: Av=0.65s, max=1.3s) (Lag: Av=0.65s, max=1.3s)} 0-1

[Event "Stay Safe Play From Home 379"]
[Site "Emanuel Lasker Arena"]
[Date "2020.08.13"]
[Round "9"]
[White "Mamba2001de"]
[Black "Ao017545"]
[Result "0-1"]
[WhiteElo "1435"]
[BlackElo "1617"]
[Annotator "NA"]
[PlyCount "90"]
[EventDate "2020.08.13"]
[EventType "swiss (blitz)"]

1. e4 {[%emt 0:00:01]} e5 {[%emt 0:00:00]} 2. Nf3 {[%emt 0:00:01]} Nf6 {[%emt 0:00:01]} 3. c3 {[%emt 0:00:00]} Bc5 {[%emt 0:00:00]} 4. d4 {[%emt 0:00:01]} exd4 {[%emt 0:00:02]} 5. cxd4 {[%emt 0:00:01]} Bb4+ {[%emt 0:00:00]} 6. Bd2 {[%emt 0:00:01]} Bxd2+ {[%emt 0:00:07]} 7. Nbxd2 {[%emt 0:00:01]} O-O {[%emt 0:00:00]} 8. Bd3 {[%emt 0:00:01]} Re8 {[%emt 0:00:00]} 9. O-O {[%emt 0:00:01]} d5 {[%emt 0:00:01]} 10. e5 {[%emt 0:00:01]} Ne4 {[%emt 0:00:03]} 11. Bxe4 {[%emt 0:00:01]} dxe4 {[%emt 0:00:00]} 12. Nxe4 {[%emt 0:00:01]} Nc6 {[%emt 0:00:00]} 13. Rc1 {[%emt 0:00:02]} Bg4 {[%emt 0:00:06]} 14. h3 {[%emt 0:00:02]} Bxf3 {[%emt 0:00:01]} 15. Qxf3 {[%emt 0:00:01]} Nxd4 {[%emt 0:00:01]} 16. Qg4 {[%emt 0:00:02]} Rxe5 {[%emt 0:00:03]} 17. f3 {[%emt 0:00:04]} Ne2+ {[%emt 0:00:05]} 18. Kh2 {[%emt 0:00:03]} Nxc1 {[%emt 0:00:00]} 19. Rxc1 {[%emt 0:00:01]} c6 {[%emt 0:00:04]} 20. Rf1 {[%emt 0:00:05]} Qc7 {[%emt 0:00:01]} 21. Qg3 {[%emt 0:00:02]} Re7 {[%emt 0:00:02]} 22. Nf6+ {[%emt 0:00:02]} Kf8 {[%emt 0:00:05]} 23. Qxc7 {[%emt 0:00:01]} Rxc7 {[%emt 0:00:00]} 24. Nxh7+ {[%emt 0:00:02]} Kg8 {[%emt 0:00:01]} 25. Ng5 {[%emt 0:00:01]} f6 {[%emt 0:00:00]} 26. Ne4 {[%emt 0:00:01]} Rd7 {[%emt 0:00:02]} 27. Kg3 {[%emt 0:00:01]} Rdd8 {[%emt 0:00:00]} 28. Kf4 {[%emt 0:00:01]} Re8 {[%emt 0:00:00]} 29. Kf5 {[%emt 0:00:01]} Re5+ {[%emt 0:00:00]} 30. Kf4 {[%emt 0:00:01]} g5+ {[%emt 0:00:02]} 31. Kg3 {[%emt 0:00:02]} Rae8 {[%emt 0:00:02]} 32. Nxf6+ {[%emt 0:00:01]} Kf7 {[%emt 0:00:01]} 33. Nxe8 {[%emt 0:00:01]} Rxe8 {[%emt 0:00:00]} 34. Kg4 {[%emt 0:00:00]} Re2 {[%emt 0:00:01]} 35. Rd1 {[%emt 0:00:02]} Rxb2 {[%emt 0:00:00]} 36. Rd7+ {[%emt 0:00:01]} Kg6 {[%emt 0:00:02]} 37. g3 {[%emt 0:00:02]} Rb4+ {[%emt 0:00:02]} 38. f4 {[%emt 0:00:01]} gxf4 {[%emt 0:00:02]} 39. gxf4 {[%emt 0:00:01]} Ra4 {[%emt 0:00:00]} 40. h4 {[%emt 0:00:01]} Rxa2 {[%emt 0:00:00]} 41. h5+ {[%emt 0:00:01]} Kf6 {[%emt 0:00:02]} 42. Rxb7 {[%emt 0:00:01]} Ke6 {[%emt 0:00:00]} 43. Rc7 {[%emt 0:00:01]} c5 {[%emt 0:00:00]} 44. Rxc5 {[%emt 0:00:02]} Kd6 {[%emt 0:00:00]} 45. Rf5 {[%emt 0:00:01]} Rg2+ {[%emt 0:00:00]} 0-1

[Event "Stay Safe Play From Home 379"]
[Site "Emanuel Lasker Arena"]
[Date "2020.08.13"]
[Round "9"]
[White "Stepmaker"]
[Black "Klasman"]
[Result "1-0"]
[WhiteElo "1392"]
[BlackElo "1295"]
[Annotator "NA RC"]
[PlyCount "49"]
[EventDate "2020.08.13"]
[EventType "swiss (blitz)"]

1. d4 {[%emt 0:00:02]} f5 {[%emt 0:00:01]} 2. c4 {[%emt 0:00:01]} Nf6 {[%emt 0:00:01]} 3. Nc3 {[%emt 0:00:00]} e6 {[%emt 0:00:01]} 4. Nf3 {[%emt 0:00:01]} c5 {[%emt 0:00:01]} 5. e3 {[%emt 0:00:01]} cxd4 {[%emt 0:00:02]} 6. exd4 {[%emt 0:00:01]} Bb4 {[%emt 0:00:01]} 7. Bd3 {[%emt 0:00:01]} Qa5 {[%emt 0:00:02]} 8. Qc2 {[%emt 0:00:02]} Nc6 {[%emt 0:00:02]} 9. O-O {[%emt 0:00:02]} O-O {[%emt 0:00:02]} 10. Re1 {[%emt 0:00:03]} Ng4 {[%emt 0:00:04]} 11. a3 {[%emt 0:00:01]} Bxc3 {[%emt 0:00:02]} 12. bxc3 {[%emt 0:00:02]} Qc7 {[%emt 0:00:01]} 13. h3 {[%emt 0:00:03]} Nf6 {[%emt 0:00:04]} 14. d5 {[%emt 0:00:01]} exd5 {[%emt 0:00:03]} 15. cxd5 {[%emt 0:00:01]} Nxd5 {[%emt 0:00:01]} 16. Bc4 {[%emt 0:00:00]} Kh8 {[%emt 0:00:16]} 17. Bxd5 {[%emt 0:00:02]} d6 {[%emt 0:00:02]} 18. Bf4 {[%emt 0:00:03]} Ne5 {[%emt 0:00:03]} 19. Bxe5 {[%emt 0:00:02]} dxe5 {[%emt 0:00:01]} 20. Rxe5 {[%emt 0:00:00]} Bd7 {[%emt 0:00:05]} 21. Re2 {[%emt 0:00:03]} Bc6 {[%emt 0:00:01]} 22. Bxc6 {[%emt 0:00:01]} Qxc6 {[%emt 0:00:01]} 23. Rae1 {[%emt 0:00:01]} Rac8 {[%emt 0:00:01]} 24. Re6 {[%emt 0:00:03]} Qxc3 {[%emt 0:00:01]} 25. Qxc3 {[%emt 0:00:01] Time Time Time ' ' '} 1-0